000 01678nam a22004337a 4500
003 CHAP
005 20220329143401.0
008 090209s2008 mx r 00010 spa d
010 _a95788
011 _a96760
035 _a107416
040 _cCHAP
090 _aTesis
100 0 0 _aCastelán Lorenzo, Mario.
_920047
245 1 0 _aEvaluación dasométrica temprana de una plantación agroforestal, de tres especies introducidas, en el municipio de Huehuetla, Hidalgo
_c/por Mario Castelán Lorenzo
260 _aChapingo, Méx. :
_bEl autor,
_c2008
300 _axv, 96 h. :
_bcuadros, gráfs.
502 _aTesis (M.C. en Ciencias Forestales) -- UACH. División de Ciencias Forestales
530 _aTambién disponible en línea
590 _aALEPH
_b10
_c20130110
_lUCH01
_h1526
590 _aBATCH-UPD
_b10
_c20130110
_lUCH01
_h0808
590 _aBATCH-UPD
_b10
_c20130410
_lUCH01
_h0445
590 _aBATCH-UPD
_b10
_c20130914
_lUCH01
_h0723
590 _aBATCH-UPD
_b10
_c20140324
_lUCH01
_h1509
590 _aBATCH-UPD
_b10
_c20141002
_lUCH01
_h0838
590 _aBATCH
_b00
_c20181121
_lUCH01
_h0759
590 _aCONVERSION
_b10
_c20130109
_lUCH01
_h1353
650 1 4 _aÁrboles
_xVariedades.
_982441
650 1 4 _aÁrboles
_zHidalgo.
_982442
650 1 4 _aBosques
_xInventarios.
_914240
650 1 4 _aBosques
_zHidalgo.
_914415
650 1 4 _aPlantación forestal.
_988784
856 _3Finding aid
_uhttp://10.13.5.2/tesis/107416.pdf
_zTeclea aqui
856 _a1
_n0001382
901 _aBK
942 _cFOLL
949 _aTesis
_bBC
_cTES
_d33724002082611
_eTS1
_gDonaciØn
_h48783
_i107416
_sb
949 _aTesis
_bBC
_cTES
_d33724002082652
_eTS2
_fc.2
_gDonaciØn
_h48784
_i107416
_si
999 _c95788
_d95788